000
00175nam a2200073Ia 4500
008
170524s9999 xx 000 0 und d
100
_a
BHATTACHARJEE- C
245
0
_a
SERVICES MARKETING
260
_b
EXCEL BOOKS
999
_c
8169
_d
8169